| 000 | 00452nam a22001577a 4500 | ||
|---|---|---|---|
| 005 | 20260309152547.0 | ||
| 008 | 260309b |||||||| |||| 00| 0 eng d | ||
| 020 | _a978-0-6971-7086-6 | ||
| 100 | _aBERGMANN, SETH D. | ||
| 245 |
_aCOMPILER DESIGN _bTHEORY, TOOLS AND EXAMPLES |
||
| 260 |
_aEDINBURGH _bEDINBURGH UNIVERSITY PRESS _c1994 |
||
| 300 | _aV, 308P. | ||
| 500 | _aINCLUDES INDEX | ||
| 650 | _aCOMPILERS (COMPUTER PROGRAM) | ||
| 942 |
_2lcc _cBK |
||
| 999 |
_c216817 _d216817 |
||